Statistiques concernant Paroles - La Strasbourgeoise

Cliquez ici pour prendre le quiz!

Statistiques générales

  • Ce quiz a été pris 204 fois
  • Le résultat moyen est 215 sur 298

Statistiques - réponses

HintRéponse% Correct
à
99%
À
99%
l'
98%
papa,
95%
petit
95%
Petit
95%
en
94%
93%
La
93%
93%
la
93%
de
92%
enfant,
90%
enfant
90%
voici,
89%
ce
88%
le
86%
pour
86%
Ma
85%
ma
85%
Soldat
85%
soldat.
85%
Je
84%
je
84%
Moi
84%
moi
84%
Ou
84%
84%
C'est
83%
c'est
83%
déguisé
83%
aux
82%
mon
82%
Mon
82%
petits
82%
peur
81%
te
81%
tous
81%
dis
80%
Dis
80%
et
80%
Et
80%
faire
80%
est
79%
les
79%
si
79%
un
79%
Un
79%
car
78%
Car
78%
(bis)enfants.
78%
Mais
78%
mais
78%
mi-Carême,
78%
par
78%
Patrie.
78%
s'en
78%
il
77%
rire,
77%
cette
76%
père,
76%
père
76%
tu
76%
maman,
75%
pars
75%
vont.
75%
papas
74%
(bis)adoré.
73%
bien
73%
Non
73%
ont
73%
Oui
73%
ton
73%
tue
73%
tué
73%
dit
72%
Ils
72%
ils
72%
des
71%
ne
71%
quelle
71%
Quelle
71%
devoir
70%
facteur ?
70%
fille
70%
lettre
70%
(bis)maison.
70%
médaille,
70%
Tout
70%
mère
69%
nous
69%
qu'apporte
69%
une
69%
vite
69%
anges
68%
(bis)blonds.
68%
rentrerai
68%
guerre
67%
mort
67%
pas
67%
pleures
67%
reste
67%
pères
66%
qui
66%
chérie,
65%
Elle
65%
elle
65%
Vous
64%
vous
64%
coeur
63%
fait
63%
France,
63%
haïssons.
63%
allemand.
62%
or,
62%
suis
62%
défailles,
61%
français.
61%
l'ennemi
61%
lui
61%
(bis)main.
61%
pleurer
61%
restera
61%
Strasbourg.
61%
morte
60%
qu'une
60%
vos
60%
balles,
59%
jamais,
59%
l'aurez
59%
l'un
59%
sous
59%
uniforme
59%
atroce
58%
(bis)boulets.
58%
garde
58%
prussien,
58%
son
58%
sur
58%
ville,
58%
assise
57%
donne,
57%
Embrasse
57%
Frappé
57%
passe,
57%
portes
57%
votre
57%
Alsace
56%
batailles,
56%
champs
56%
du
56%
fillette
56%
froid,
56%
froid
56%
homme
56%
(bis)jour.
56%
l'une
56%
mères,
56%
porche
56%
p'tit
56%
reconnaît
56%
tends
56%
avez
55%
chemin.
55%
malgré
55%
qu'on
55%
aumône
54%
cathédrale,
54%
eu
54%
Lorraine,
54%
neige
54%
passez
54%
puissance,
54%
refuse
54%
tombe
54%
Gardez
53%
n'ai
53%
bise,
52%
écroulé.
52%
ensemble
52%
Pleurons
52%
raison
52%
cercueil.
51%
(bis)deuil.
51%
l'ombre
51%
millions
51%
vu
51%
Bohème,
50%
d'étrangers.
50%
Germanie
50%
robe
50%
Frappée
49%
priant
48%
(bis)fièrement;
47%
donc
31%

Distribution des résultats

Percentile par nombre de réponses

% des personnes avec chaque résultat

Votre développement - résultats

Vous n’avez pas pris ce quiz